MAHISHAA A Love Story (Record no. 210608)

MARC details
000 -LEADER
fixed length control field 00601nam a22002057a 4500
005 - DATE AND TIME OF LATEST TRANSACTION
control field 20250403172015.0
010 ## - LCCN (DPL NO)
LC control number ENG-144355
020 ## - INTERNATIONAL STANDARD BOOK NUMBER
International Standard Book Number 9789390961221
Terms of availability 595.00
035 ## - SYSTEM CONTROL NUMBER
System control number EN-127887
037 ## - SOURCE OF ACQUISITION
Source of stock number/acquisition DBAD
082 ## - DEWEY DECIMAL CLASSIFICATION NUMBER
Classification number S
100 ## - MAIN ENTRY--PERSONAL NAME
Personal name Mahishaasura
245 ## - TITLE STATEMENT
Title MAHISHAA A Love Story
Statement of responsibility, etc Asitabha Das
Medium English
250 ## - EDITION STATEMENT
Edition statement 1st
260 ## - PUBLICATION, DISTRIBUTION, ETC. (IMPRINT)
Place of publication, distribution, etc New Delhi
Name of publisher, distributor, etc Vitasta Publishing Pvt Ltd
Date of publication, distribution, etc 2022
270 ## - ADDRESS
Address 2\15,Ansari Road, Daryaganj
City New Delhi
Postal code 110002
Electronic mail address info@vitastapublishing.com
300 ## - PHYSICAL DESCRIPTION
Extent xvii 193.p
Dimensions 20cm. (Pb)
700 ## - ADDED ENTRY--PERSONAL NAME
Personal name MAHISHAASURA
9 (RLIN) 80043
942 ## - ADDED ENTRY ELEMENTS (KOHA)
Source of classification or shelving scheme Dewey Decimal Classification
Item type English Books
Classification part S
Call number suffix MAH
Edition 1
Holdings
Withdrawn status Lost status Not for loan Home library Current library Date acquired Cost, normal purchase price Full call number Barcode Cost, replacement price Koha item type
      Central Jail Tihar Central Jail Tihar 01/04/2025 595.00 S MAH EN-127887 595.00 English Books

© Delhi Public Library
Hit Counter
free hit counter